ბათუმის შოთა რუსთაველის სახელმწიფო უნივერსიტეტის ბიბლიოთეკა

Plant systematics : (ბიბ.ჩანაწერი № 45455)

000 -LEADER
fixed length control field 01215cam a2200301 a 4500
001 - CONTROL NUMBER
control field 14847067
005 - DATE AND TIME OF LATEST TRANSACTION
control field 20240923165954.0
008 - FIXED-LENGTH DATA ELEMENTS--GENERAL INFORMATION
fixed length control field 070511s2008 mauab b 001 0 eng
010 ## - LIBRARY OF CONGRESS CONTROL NUMBER
LC control number 2007019671
020 ## - INTERNATIONAL STANDARD BOOK NUMBER
International Standard Book Number 9780878934072 (casebound : alk. paper)x
020 ## - INTERNATIONAL STANDARD BOOK NUMBER
International Standard Book Number 0878934073 (casebound : alk. paper)x
041 ## - LANGUAGE CODE
Language code of text/sound track or separate title eng
050 00 - LIBRARY OF CONGRESS CALL NUMBER
Classification number QK95
Item number .P548 2008
080 ## - UNIVERSAL DECIMAL CLASSIFICATION NUMBER
Universal Decimal Classification number 582 P-71
245 00 - TITLE STATEMENT
Title Plant systematics :
Remainder of title a phylogenetic approach /
Statement of responsibility, etc. Walter S. Judd ... [et al.].
250 ## - EDITION STATEMENT
Edition statement 3rd ed.
264 ## - PRODUCTION, PUBLICATION, DISTRIBUTION, MANUFACTURE, AND COPYRIGHT NOTICE
Place of production, publication, distribution, manufacture Sunderland, Mass. :
Name of producer, publisher, distributor, manufacturer Sinauer Associates,
Date of production, publication, distribution, manufacture, or copyright notice c2008.
300 ## - PHYSICAL DESCRIPTION
Extent xv, 611 p. :
Other physical details ill. (some col.), col. maps ;
Dimensions 29 cm.
Accompanying material + 1 CD-ROM (4 3/4 in.).
504 ## - BIBLIOGRAPHY, ETC. NOTE
Bibliography, etc. note Includes bibliographical references and indexes.
650 #0 - SUBJECT ADDED ENTRY--TOPICAL TERM
Topical term or geographic name entry element Plants
Form subdivision Classification.
9 (RLIN) 7296
653 ## - INDEX TERM--UNCONTROLLED
keyword მცენარეთა სისტემატიკა
653 ## - INDEX TERM--UNCONTROLLED
keyword ფილოგენეტიკა
700 1# - ADDED ENTRY--PERSONAL NAME
Personal name Judd, Walter S.
9 (RLIN) 7297
856 41 - ELECTRONIC LOCATION AND ACCESS
Materials specified Table of contents only
Uniform Resource Identifier http://www.loc.gov/catdir/toc/ecip0717/2007019671.html
906 ## - LOCAL DATA ELEMENT F, LDF (RLIN)
a 7
b cbc
c orignew
d 1
e ecip
f 20
g y-gencatlg
942 ## - ADDED ENTRY ELEMENTS (KOHA)
Source of classification or shelving scheme
Koha item type წიგნი
ეგზემპლარები
Withdrawn status Lost status Source of classification or shelving scheme Damaged status Not for loan Permanent Location Current Location Shelving location Date acquired Cost, normal purchase price Full call number Barcode Date last seen Copy number Price effective from Koha item type Public note
          ბათუმის შოთა რუსთაველის სახელმწიფო უნივერსიტეტის მთავარი ბიბლიოთეკა ბათუმის შოთა რუსთაველის სახელმწიფო უნივერსიტეტის მთავარი ბიბლიოთეკა წიგნსაცავი 2018-12-17 210.00 582 P-71 36137 2018-12-17 36137 2018-12-17 წიგნი 210 ლ.
          ბათუმის შოთა რუსთაველის სახელმწიფო უნივერსიტეტის მთავარი ბიბლიოთეკა ბათუმის შოთა რუსთაველის სახელმწიფო უნივერსიტეტის მთავარი ბიბლიოთეკა წიგნსაცავი 2020-02-20 280.00 582 P-71 681 2020-02-20 681 2020-02-20 წიგნი 280 ლ.
          ბათუმის შოთა რუსთაველის სახელმწიფო უნივერსიტეტის მთავარი ბიბლიოთეკა ბათუმის შოთა რუსთაველის სახელმწიფო უნივერსიტეტის მთავარი ბიბლიოთეკა წიგნსაცავი 2024-09-23 153.00 582 P-71 68921 2024-09-23 68921 2024-09-23 წიგნი 153.00
          ბათუმის შოთა რუსთაველის სახელმწიფო უნივერსიტეტის მთავარი ბიბლიოთეკა ბათუმის შოთა რუსთაველის სახელმწიფო უნივერსიტეტის მთავარი ბიბლიოთეკა წიგნსაცავი 2024-09-23 153.00 582 P-71 68922 2024-09-23 68922 2024-09-23 წიგნი 153.00